Harper. Bioquímica ilustrada (Registro nro. 21647)

Detalles MARC
000 -Cabecera
Campo de control interno 01180nam a2200277Ia 4500
005 - Fecha y hora del registro
control field 20260420170736.0
008 - Elementos de Longitud Fija
fixed length control field 260320s9999||||xx |||||||||||||| ||und||
020 ## - ISBN
ISBN 9786071520791
041 ## - Idioma
Codigo Idioma ESP
082 ## - DEWEY y NOTACIÓN INTERNA
Dewey 572
Notación Interna K41
100 ## - AUTOR
Autor denominación Kennelly, Peter J.,
Término de relación autor
245 #0 - TÍTULO DE MATERIAL BIBLIOGRÁFICO
Título Harper. Bioquímica ilustrada
246 ## - TÍTULO TRADUCIDO
Título Harper's Illustrated Biochemistry
250 ## - EDICIÓN
Edición Trigésima segunda edición
260 ## - CIUDAD, EDITORIAL, AÑO
Ciudad Ciudad de México :
Nombre de la Editorial McGrawHill
Año 2024
300 ## - DESCRIPCIÓN
N° Páginas x, 806 páginas :
Otros detalles cuadros ;
Dimensiones 27 cm.
650 ## - TEMAS
Temas Tecnología (Ciencias Aplicadas)
653 ## - DESCRIPTORES
Lenguajes no controlado Bioquímica
654 ## - PROGRAMAS
Programa Dpto. de Ciencias de la Salud
700 ## - OTROS AUTORES
Otros autores Botham, Kathleen M.; McGuinness, Owen; Rodwell, Victor W., [y otro más],
Títulos y otras palabras asociadas con el nombre autores
856 ## - URL - UBICACIÓN
URI/URL: Enlace exacto del recurso <a href="https://0u216x8rb-y-https-accessmedicina-mhmedical-com.itmsp.museknowledge.com/book.aspx?bookid=3659">https://0u216x8rb-y-https-accessmedicina-mhmedical-com.itmsp.museknowledge.com/book.aspx?bookid=3659</a>
Nota pública: Versión digital <a href="Versión digital (Trigésima tercera edición)">Versión digital (Trigésima tercera edición)</a>
856 ## - URL - UBICACIÓN
URI/URL: Enlace exacto del recurso <a href="https://0u216x8rb-y-https-accessmedicina-mhmedical-com.itmsp.museknowledge.com/">https://0u216x8rb-y-https-accessmedicina-mhmedical-com.itmsp.museknowledge.com/</a>
Nota pública: Versión digital <a href="Véase además: Base de datos McGraw Hill Access Medicina">Véase además: Base de datos McGraw Hill Access Medicina</a>
856 ## - URL - UBICACIÓN
URI/URL: Enlace exacto del recurso <a href="https://0u23fx8st-y-https-www-clinicalkey-com.itmsp.museknowledge.com/student/login">https://0u23fx8st-y-https-www-clinicalkey-com.itmsp.museknowledge.com/student/login</a>
Nota pública: Versión digital <a href="Véase además: Base de datos ClinicalKey">Véase además: Base de datos ClinicalKey</a>
942 ## - ELEMENTOS DE KOHA
Tipo de documento Libro
Nombre del creador Justo Noguera
Código de catalogador Mirtha Ponce
Esquema de clasificación Dewey Decimal Classification
Existencias
Codigo completo Registro Colección Copia número Disponibilidad Tipo de préstamo Biblioteca Actual Procedencia (Biblioteca) Ubicacón Fecha Ingreso Tipo de Adquisición Date last seen Total checkouts Price effective from Tipo de Item Estado del Material Fuente de Clasificación Damaged status Withdrawn status Observación Date last checked out
572 K41 1081654 Universidad Católica San Pablo 1 Disponible Disponible Víctor Andrés Belaunde Víctor Andrés Belaunde Segundo piso 03/06/2026 Compra 06/03/2026   06/03/2026 Libro Bueno Dewey Decimal Classification        
572 K41 1085194 Universidad Católica San Pablo 1 Disponible Disponible Víctor Andrés Belaunde Víctor Andrés Belaunde Segundo piso 10/03/2026 Compra 24/03/2026 1 20/03/2026 Libro Bueno Dewey Decimal Classification     Medicina 23/03/2026